000 00519nam a2200193Ia 4500
005 20250923145048.0
008 008 250917s9999 xx 000 0 eng d
037 _aTextual
040 _aDSWL
_beng
_cDSWL
041 _aeng
_2eng
084 _aY4.2, N29
_qDSWL
100 _aEha
_9831406
245 0 _aBehind the Bangalow
_cby Eha
260 _aCalcutta
_bThacker, Spink & Co.
_c1929
365 _aINR
_b7.50
925 _g7.50
942 _cTEXL
_hY4.2, N29
999 _c1446630
_d1446630